D.H. Lawrence's Sons and lovers: a casebook (Record no. 15773)
[ view plain ]
| 000 -LEADER | |
|---|---|
| fixed length control field | 00432nam a2200145Ia 4500 |
| 008 - FIXED-LENGTH DATA ELEMENTS--GENERAL INFORMATION | |
| fixed length control field | 191206s9999 xx 000 0 und d |
| 020 ## - INTERNATIONAL STANDARD BOOK NUMBER | |
| International Standard Book Number | 0195170407 (alk. pap |
| 090 ## - | |
| -- | PR6023.AG3 |
| 245 #0 - TITLE STATEMENT | |
| Title | D.H. Lawrence's Sons and lovers: a casebook |
| 260 ## - PUBLICATION, DISTRIBUTION, ETC. | |
| Place of publication, distribution, etc. | Oxford University Press |
| 260 ## - PUBLICATION, DISTRIBUTION, ETC. | |
| Name of publisher, distributor, etc. | Casebooks in criticism |
| 260 ## - PUBLICATION, DISTRIBUTION, ETC. | |
| Date of publication, distribution, etc. | c2005 |
| 300 ## - PHYSICAL DESCRIPTION | |
| Extent | "xii, 305 p. ; 22 cm." |
| Withdrawn status | Lost status | Source of classification or shelving scheme | Damaged status | Not for loan | Home library | Current library | Date acquired | Inventory number | Total Checkouts | Full call number | Barcode | Date last seen | Price effective from | Koha item type |
|---|---|---|---|---|---|---|---|---|---|---|---|---|---|---|
| CUZ Bulawayo Campus | CUZ Bulawayo Campus | 06.12.2019 | CUB00167 | PR6023.AG3 | BBK000445 | 06.12.2019 | 06.12.2019 | OS Book |